000 03142nam a2200493 a 4500
005 20091210142027.0
008 080130s2008 nyuab c 000 1 eng
010 _aB-386375-385
020 _a9780060882099
_c263.00
035 _aB-386375-385
037 _bBlueberry Books
040 _adpl
_bEnglish
082 _aS
100 _aSage, Angie
245 _aQueste /
_cby Angie Sage ; illustrated by Mark Zug
260 _aNew York
_bKatherine Tegen Books
_c2008
270 _a53rd Street
_bNew York
_e10022
300 _a596, 8 p. :
_bill.
_c19cm(pbk)
490 _aSeptimus Heap ;
_vbook. 4
520 _aNicki and Snorri are trapped in Time, and Septimus Heap goes on a quest to find the House of Foryx, a place where all Time meets.
650 _aApprentices
_vJuvenile fiction.
650 _aMagic
_vJuvenile fiction.
650 _aWizards
_vJuvenile fiction.
650 _aTime travel
_vJuvenile fiction.
650 _aApprentices
_vFiction.
650 _aMagic
_vFiction.
650 _aWizards
_vFiction.
650 _aTime travel
_vFiction.
650 _aFantasy.
700 _aZug, Mark,
942 _2ddc
_cCH
_hS
_mSAG
999 _c32448
_d32448